| 000 | 01214nam a22003377ia4500 | ||
|---|---|---|---|
| 999 |
_c171038 _d171038 |
||
| 003 | PPAK | ||
| 005 | 20190131093936.0 | ||
| 008 | 190110t2011 cauao||j |||| 00| 0 eng d | ||
| 020 |
_cRM378.00 _qset |
||
| 020 |
_a9781433304170 _cRM37.80 _qpaperback |
||
| 040 |
_aPPAK _beng _cPPAK _erda |
||
| 082 | 0 | 4 |
_223 _a513.211 |
| 090 | 0 | 0 |
_a513.211 _bCHA _dK |
| 100 | 1 |
_aCharles, Loren I., _eauthor. |
|
| 245 | 1 | 0 |
_aA Mountain of Trash : _bAddition Facts / _cLoren I. Charles, |
| 246 | 1 | 3 | _aAddition facts |
| 264 |
_aHuntington Beach, CA : T _bTeacher Created Materials, _c[2011] |
||
| 264 | _c©2011 | ||
| 300 |
_a32 pages : _bcolour photographs ; _c23 cm |
||
| 336 |
_2rdacontent _atext |
||
| 337 |
_2rdamedia _aunmediated |
||
| 338 |
_2rdacarrier _avolume |
||
| 490 | 1 | _aNumber and Operations | |
| 500 | _aIncludes answer key | ||
| 505 | _aMountain of trash --Trash on a trip --Other types of trash --You can help --Solve the problem --Glossary --Answer key. | ||
| 520 | _aUses the topic of trash as a vehicle for introducing addition concepts. | ||
| 650 | 1 | 0 |
_aAddition _vJuvenile literature |
| 650 | 2 | 0 |
_aRefuse and refuse disposal _vJuvenile literature |
| 830 | 0 | _aNumber and operations | |
| 942 |
_2ddc _cB |
||